[Event "SVR op"]
[Site "Lahnstein"]
[Date "2019.04.18"]
[Round "5"]
[White "Bast, Patrick"]
[Black "Hoefer, Elias"]
[Result "1/2-1/2"]
[WhiteElo "1407"]
[BlackElo "1127"]
[PlyCount "89"]
[EventDate "2019.04.13"]
[EventType "swiss"]
[EventRounds "7"]
[EventCountry "GER"]
[SourceTitle "EXT 2021"]
[Source "ChessBase"]
[SourceDate "2020.10.23"]
[SourceVersion "1"]
[SourceVersionDate "2020.10.23"]
[SourceQuality "1"]

1. e4 Nc6 2. Nf3 e5 3. d4 exd4 4. Nxd4 g6 5. Nc3 Bg7 6. Be3 Nge7 7. Bc4 a6 8. a3 d6 9. h3 h5 10. Nf3 Ne5 11. Nxe5 Bxe5 12. Bd4 Nc6 13. Bxe5 Nxe5 14. Ba2 Be6 15. f4 Qh4+ 16. Ke2 Qxf4 17. Rf1 Qg5 18. Rf2 0-0-0 19. Qd4 Bxa2 20. Nxa2 Kb8 21. Nc3 Nc6 22. Qd3 f5 23. Raf1 fxe4 24. Nxe4 Qb5 25. Qxb5 axb5 26. Nf6 Nd4+ 27. Kd3 Nf5 28. Re1 c6 29. Ne4 d5 30. Ng5 Rde8 31. Rfe2 Rxe2 32. Rxe2 Kc8 33. Ne6 Re8 34. Nf4 Rxe2 35. Nxe2 Kd7 36. Nf4 Ne7 37. b4 Kd6 38. c3 Ke5 39. Ne2 g5 40. g4 h4 41. Ke3 Ng6 42. Ng1 Nf4 43. Nf3+ Kf6 44. Ng1 Ke6 45. Kd4 1/2-1/2

[Event "SVR op"]
[Site "Lahnstein"]
[Date "2019.04.13"]
[Round "1"]
[White "Hoefer, Elias"]
[Black "Meuer, David"]
[Result "0-1"]
[WhiteElo "1127"]
[BlackElo "1479"]
[PlyCount "98"]
[EventDate "2019.04.13"]
[EventType "swiss"]
[EventRounds "7"]
[EventCountry "GER"]
[SourceTitle "EXT 2021"]
[Source "ChessBase"]
[SourceDate "2020.10.23"]
[SourceVersion "1"]
[SourceVersionDate "2020.10.23"]
[SourceQuality "1"]

1. e4 e6 2. d4 d5 3. exd5 exd5 4. Nf3 Bg4 5. h3 Bh5 6. Nc3 Nf6 7. g4 Bg6 8. Ne5 Be4 9. Nxe4 Nxe4 10. Bg2 Be7 11. Bf4 0-0 12. Qd3 f6 13. Nc4 Re8 14. Bxe4 dxe4 15. Qb3 Qd5 16. 0-0-0 Na6 17. Rhe1 Kh8 18. Nd2 Qxd4 19. Rxe4 Qxf2 20. Rde1 Nc5 21. Qb5 Nxe4 22. Rxe4 g6 23. Qe2 Qxe2 24. Rxe2 Bd6 25. Be3 Bc5 26. Nf1 Bxe3+ 27. Nxe3 Rad8 28. b4 a6 29. Rd2 Rxd2 30. Kxd2 Kg7 31. Kd3 Rf8 32. Nd5 Rf7 33. Nf4 g5 34. Nh5+ Kg6 35. Ng3 Rd7+ 36. Kc3 b6 37. a4 a5 38. b5 c6 39. Kc4 c5 40. Nf5 h5 41. c3 hxg4 42. hxg4 Kf7 43. Nh6+ Ke6 44. Nf5 Ke5 45. Nh6 Rd1 46. Nf5 Re1 47. Ng3 Rg1 48. Nh5 Rxg4+ 49. Kb3 f5 0-1